000 00739nam a22001817a 4500
008 141107b xxu||||| |||| 00| 0 eng d
050 _aE467.1.S55 A3 1990
100 _aSherman, William Tecumseh
_912506
245 _aMemoirs of General W.T. Sherman
_cWilliam Tecumseh Sherman
260 _aNew York
_bThe Library of America
_c1990
300 _a1136p. ;
_c21cm.
600 _aSherman, William T. (William Tecumseh)
_y1820-1891
_912507
650 _aHistory
_xCivil War
_xPersonal narratives
_y1861-1865
_zUnited States
_912508
650 _aHistory
_xCivil war
_xCampaigns
_y1861-1865
_zUnited States
_912509
650 _aGenerals
_xBiography
_zUnited States
_912510
650 _aArmy
_xBiography
_zUnited States
_912511
942 _2lcc
_cMONOGRAPH
999 _c121205
_d121205